[Event "POL-chT 2nd League"]
[Site "Jastrzebia Gora"]
[Date "2023.09.10"]
[Round "9.64"]
[White "Brylowski, Marian"]
[Black "Kaminski, Jan"]
[Result "1-0"]
[WhiteElo "1927"]
[BlackElo "1858"]
[PlyCount "96"]
[EventDate "2023.09.02"]
[EventType "team-swiss"]
[EventRounds "9"]
[EventCountry "POL"]
[SourceTitle "EXT 2024"]
[Source "ChessBase"]
[SourceDate "2023.10.10"]
[SourceVersion "1"]
[SourceVersionDate "2023.10.10"]
[SourceQuality "1"]
[WhiteTeam "Lipusz WDA"]
[BlackTeam "Warszawa Zugzwang"]
[WhiteTeamCountry "POL"]
[BlackTeamCountry "POL"]

1. e4 c5 2. Nf3 d6 3. d4 cxd4 4. Qxd4 Nc6 5. Bb5 Bd7 6. Bxc6 Bxc6 7. c4 Nf6 8. Nc3 e6 9. Bg5 Be7 10. 0-0 h6 11. Bh4 Qa5 12. a3 a6 13. b4 Qh5 14. a4 0-0 15. b5 Bd7 16. Rad1 Rfc8 17. Ne2 axb5 18. cxb5 e5 19. Qb6 g5 20. Bg3 g4 21. Nd2 Rxa4 22. Qxb7 Rc2 23. f3 Raa2 24. Be1 Rab2 25. b6 d5 26. Qa8+ Kg7 27. b7 Bd6 28. Qd8 Qg6 29. Ng3 Bc5+ 30. Bf2 Bxf2+ 31. Rxf2 Rxb7 32. Qe7 Qg5 33. Nf5+ Bxf5 34. Qxb7 Be6 35. Qb8 Nd7 36. Qd6 g3 37. hxg3 Qxg3 38. exd5 Bf5 39. Rdf1 Nc5 40. Ne4 Bxe4 41. Rxc2 Bxc2 42. Qxc5 Bd3 43. Rc1 Qf4 44. d6 Bf5 45. Re1 f6 46. Re2 Kg6 47. Qd5 Qc1+ 48. Kf2 Qc8 1-0

[Event "POL-chT 2nd League"]
[Site "Jastrzebia Gora"]
[Date "2023.09.09"]
[Round "8.82"]
[White "Kaminski, Jan"]
[Black "Wozniak, Marcin2222"]
[Result "1-0"]
[WhiteElo "1858"]
[BlackElo "1817"]
[PlyCount "77"]
[EventDate "2023.09.02"]
[EventType "team-swiss"]
[EventRounds "9"]
[EventCountry "POL"]
[SourceTitle "EXT 2024"]
[Source "ChessBase"]
[SourceDate "2023.10.10"]
[SourceVersion "1"]
[SourceVersionDate "2023.10.10"]
[SourceQuality "1"]
[WhiteTeam "Warszawa Zugzwang"]
[BlackTeam "Rzeszow Szachownica"]
[WhiteTeamCountry "POL"]
[BlackTeamCountry "POL"]

1. e4 e5 2. Nf3 Nc6 3. Bc4 Nf6 4. d3 Bc5 5. Nc3 a6 6. Bg5 h6 7. Bxf6 Qxf6 8. Nd5 Qd8 9. c3 d6 10. d4 Ba7 11. dxe5 dxe5 12. Qe2 Be6 13. Rd1 Qb8 14. a4 Na5 15. Ba2 c6 16. b4 cxd5 17. exd5 Bg4 18. bxa5 0-0 19. h3 e4 20. hxg4 exf3 21. Qxf3 Qe5+ 22. Kf1 Rac8 23. Rd3 Rfe8 24. g3 Qd6 25. Kg2 Re5 26. Rb1 Rc7 27. Qf4 Rce7 28. Rd2 g5 29. Qc4 Bc5 30. Qd3 Ba7 31. Rh1 Re3 32. Qc2 R3e4 33. Bb1 f5 34. gxf5 R4e5 35. Qd1 Kg7 36. c4 Qb4 37. f6+ Kxf6 38. Rxh6+ Kf7 39. Qh5+ 1-0

[Event "POL-chT 2nd League"]
[Site "Jastrzebia Gora"]
[Date "2023.09.07"]
[Round "6.34"]
[White "Kaminski, Jan"]
[Black "Zareba, Radoslaw"]
[Result "0-1"]
[WhiteElo "1858"]
[BlackElo "2102"]
[PlyCount "84"]
[EventDate "2023.09.02"]
[EventType "team-swiss"]
[EventRounds "9"]
[EventCountry "POL"]
[SourceTitle "EXT 2024"]
[Source "ChessBase"]
[SourceDate "2023.10.10"]
[SourceVersion "1"]
[SourceVersionDate "2023.10.10"]
[SourceQuality "1"]
[WhiteTeam "Warszawa Zugzwang"]
[BlackTeam "Wisznia Mala Bialy Krol"]
[WhiteTeamCountry "POL"]
[BlackTeamCountry "POL"]

1. e4 c5 2. Nf3 Nc6 3. d4 cxd4 4. Nxd4 g6 5. Nc3 Bg7 6. Be3 Nf6 7. Bc4 0-0 8. Bb3 Re8 9. h3 d6 10. 0-0 Na5 11. Re1 b6 12. Qe2 Nxb3 13. axb3 Bb7 14. f3 e5 15. Ndb5 a6 16. Na3 b5 17. b4 d5 18. exd5 Nxd5 19. Nxd5 Qxd5 20. Red1 Qe6 21. c3 f5 22. Bc5 Rad8 23. Rxd8 Rxd8 24. Rd1 Rxd1+ 25. Qxd1 Qd5 26. Qxd5+ Bxd5 27. Kf2 Kf7 28. Nb1 Ke6 29. Nd2 Kd7 30. Ke2 Kc6 31. Be3 Bf6 32. Bf2 h5 33. Kd3 Bg5 34. Be3 Bc4+ 35. Nxc4 bxc4+ 36. Kd2 Bxe3+ 37. Kxe3 Kb5 38. f4 e4 39. g3 Ka4 40. h4 Kb3 41. Kd4 Kc2 42. Kxc4 e3 0-1

[Event "POL-chT 2nd League"]
[Site "Jastrzebia Gora"]
[Date "2023.09.03"]
[Round "2.64"]
[White "Kaminski, Jan"]
[Black "Kukula, Karol"]
[Result "1/2-1/2"]
[WhiteElo "1858"]
[BlackElo "1978"]
[PlyCount "76"]
[EventDate "2023.09.02"]
[EventType "team-swiss"]
[EventRounds "9"]
[EventCountry "POL"]
[SourceTitle "EXT 2024"]
[Source "ChessBase"]
[SourceDate "2023.10.10"]
[SourceVersion "1"]
[SourceVersionDate "2023.10.10"]
[SourceQuality "1"]
[WhiteTeam "Warszawa Zugzwang"]
[BlackTeam "Gliwice Politechnika Slaska"]
[WhiteTeamCountry "POL"]
[BlackTeamCountry "POL"]

1. e4 c5 2. Nf3 e6 3. d4 cxd4 4. Nxd4 Nf6 5. Nc3 Nc6 6. a3 Bc5 7. Nb3 Bb6 8. Bg5 0-0 9. Qd2 h6 10. Bf4 d5 11. exd5 Nxd5 12. Nxd5 exd5 13. Be2 Qf6 14. c3 Be6 15. 0-0 Rfd8 16. Be3 d4 17. Nxd4 Nxd4 18. Bxd4 Bxd4 19. cxd4 Rxd4 20. Qe3 Rad8 21. b4 b6 22. Rac1 Qg6 23. Rfe1 Bg4 24. Bf1 Qd6 25. h3 Be6 26. Be2 Qf4 27. Qxf4 Rxf4 28. Red1 Rfd4 29. Rxd4 Rxd4 30. Rd1 Rxd1+ 31. Bxd1 Kf8 32. Kf1 Bc4+ 33. Ke1 Ke7 34. Kd2 Kd6 35. Ke3 Kd5 36. h4 Bf1 37. Bb3+ Bc4 38. Bc2 Bf1 1/2-1/2

[Event "Warsaw Najdorf Memorial op-B"]
[Site "Warsaw"]
[Date "2023.07.16"]
[Round "6"]
[White "Kulpa, Zuzanna"]
[Black "Kaminski, Jan"]
[Result "1/2-1/2"]
[WhiteElo "1911"]
[BlackElo "1862"]
[PlyCount "69"]
[EventDate "2023.07.11"]
[EventType "swiss"]
[EventRounds "9"]
[EventCountry "POL"]
[SourceTitle "EXT 2024"]
[Source "ChessBase"]
[SourceDate "2023.10.10"]
[SourceVersion "1"]
[SourceVersionDate "2023.10.10"]
[SourceQuality "1"]

1. d4 Nf6 2. c4 e6 3. Nf3 b6 4. a3 Bb7 5. Nc3 d5 6. Bf4 Be7 7. e3 0-0 8. h3 Nbd7 9. cxd5 Nxd5 10. Nxd5 Bxd5 11. Be2 c5 12. 0-0 cxd4 13. exd4 Nf6 14. Rc1 Rc8 15. Qa4 a5 16. Rxc8 Qxc8 17. Rc1 Qa8 18. Qb5 Be4 19. Bg5 Qb7 20. Qe5 Nd7 21. Qg3 Bxg5 22. Nxg5 Qd5 23. Nxe4 Qxe4 24. Bf3 Qxd4 25. Rd1 Qxb2 26. Rxd7 Qxa3 27. Qc7 Qb4 28. Qd6 Qxd6 29. Rxd6 Rb8 30. Bc6 Kf8 31. Bb5 Ke7 32. Rd7+ Kf6 33. Kf1 h5 34. Ke2 g5 35. Ke3 1/2-1/2

[Event "EU-ch Blitz"]
[Site "Katowice"]
[Date "2022.12.16"]
[Round "7"]
[White "Kaminski, Jan"]
[Black "Dvirnyy, Danyyil"]
[Result "0-1"]
[WhiteElo "1888"]
[BlackElo "2530"]
[PlyCount "80"]
[EventDate "2022.12.16"]
[EventType "swiss (blitz)"]
[EventRounds "22"]
[EventCountry "POL"]
[SourceTitle "CBM 211 Extra"]
[Source "ChessBase"]
[SourceDate "2023.01.31"]
[SourceVersion "1"]
[SourceVersionDate "2023.01.31"]
[SourceQuality "1"]

1. e4 c6 2. d4 d5 3. exd5 cxd5 4. Bd3 Nf6 5. c3 Bg4 6. Qb3 Qc7 7. Bg5 e6 8. Nd2 Bd6 9. Ngf3 Nc6 10. 0-0 0-0 11. Bxf6 gxf6 12. Qc2 f5 13. h3 Bh5 14. Rfe1 Rab8 15. a4 a6 16. Nh4 Rfc8 17. Qc1 Bg6 18. Ndf3 Bf4 19. Qd1 b5 20. axb5 axb5 21. g3 Bh6 22. Ne5 Nxe5 23. Rxe5 b4 24. cxb4 Rxb4 25. Qe1 Rxd4 26. Bf1 Bg7 27. Re2 Re4 28. Bg2 Rxe2 29. Qxe2 Qc2 30. Qa6 Bxb2 31. Ra2 Qc1+ 32. Kh2 Bf6 33. Nf3 Kg7 34. h4 Rc2 35. Rxc2 Qxc2 36. Qa7 h6 37. Bf1 Bh5 38. Ng1 Qd1 39. Kg2 Qd2 40. Qc5 Bd4 0-1

[Event "POL-ch blitz"]
[Site "Suwalki"]
[Date "2022.09.24"]
[Round "3"]
[White "Piesik, Piotr"]
[Black "Kaminski, Jan"]
[Result "1-0"]
[WhiteElo "2431"]
[BlackElo "1888"]
[PlyCount "67"]
[EventDate "2022.09.24"]
[EventType "swiss (blitz)"]
[EventRounds "15"]
[EventCountry "POL"]
[SourceTitle "CBM 210 Extra"]
[Source "ChessBase"]
[SourceDate "2022.11.30"]
[SourceVersion "1"]
[SourceVersionDate "2022.11.30"]
[SourceQuality "1"]

1. Nf3 d5 2. g3 g6 3. Bg2 Bg7 4. d4 Nf6 5. 0-0 0-0 6. c4 c6 7. Nc3 a6 8. cxd5 cxd5 9. Ne5 e6 10. a4 Nc6 11. Bf4 Nh5 12. Nxc6 bxc6 13. Be3 Rb8 14. Qd2 Qb6 15. Ra2 Re8 16. a5 Qb3 17. Rb1 c5 18. Ra3 Qb4 19. Ra4 Qb3 20. Bf3 Bd7 21. Ra3 Qb4 22. Rd1 Qxb2 23. Qxb2 Rxb2 24. dxc5 Rc8 25. Na4 Bxa4 26. Rxa4 Bf8 27. Rc1 Rc6 28. Bd4 Rb5 29. e4 Bxc5 30. exd5 exd5 31. Be2 Bxd4 32. Rxc6 Rb1+ 33. Kg2 Nf6 34. Rxd4 1-0

[Event "Warsaw Najdorf Memorial op-A"]
[Site "Warsaw"]
[Date "2022.07.12"]
[Round "4"]
[White "Harazinska, Magdalena"]
[Black "Kaminski, Jan"]
[Result "1/2-1/2"]
[WhiteElo "1976"]
[BlackElo "1870"]
[PlyCount "68"]
[EventDate "2022.07.09"]
[EventType "swiss"]
[EventRounds "9"]
[EventCountry "POL"]
[SourceTitle "CBM 209 Extra"]
[Source "ChessBase"]
[SourceDate "2022.09.30"]
[SourceVersion "1"]
[SourceVersionDate "2022.09.30"]
[SourceQuality "1"]

1. Nf3 d5 2. d4 Nf6 3. c4 c6 4. Nc3 a6 5. Bg5 Ne4 6. cxd5 Nxg5 7. Nxg5 cxd5 8. Nf3 e6 9. e3 Nc6 10. Be2 Bd6 11. 0-0 0-0 12. Rc1 f5 13. g3 g5 14. Ne1 Qf6 15. Bf3 Kh8 16. Bg2 Ne7 17. f4 Bd7 18. Nf3 gxf4 19. exf4 Rac8 20. Qb3 b5 21. Ne2 Nc6 22. Qe3 Qe7 23. Ne5 Nxe5 24. fxe5 Bc7 25. Nf4 Bb6 26. Nd3 Rc4 27. Rxc4 bxc4 28. Nf4 Qb4 29. Ng6+ hxg6 30. Qh6+ Kg8 31. Qxg6+ Kh8 32. Qh6+ Kg8 33. Qg6+ Kh8 34. Rf4 Qe1+ 1/2-1/2

[Event "Warsaw-ch 68th"]
[Site "Warsaw"]
[Date "2019.11.17"]
[Round "6"]
[White "Kaminski, Jan"]
[Black "Janeczko, Jakub"]
[Result "1-0"]
[WhiteElo "2024"]
[BlackElo "1839"]
[PlyCount "95"]
[EventDate "2019.11.12"]
[EventType "swiss"]
[EventRounds "9"]
[EventCountry "POL"]
[SourceTitle "CBM 193 Extra"]
[Source "ChessBase"]
[SourceDate "2020.01.31"]
[SourceVersion "1"]
[SourceVersionDate "2020.01.31"]
[SourceQuality "1"]

1. e4 c5 2. Nf3 Nc6 3. d4 cxd4 4. Nxd4 Nf6 5. Nc3 e5 6. Ndb5 d6 7. Bg5 a6 8. Bxf6 gxf6 9. Na3 b5 10. Nd5 f5 11. Bd3 Be6 12. Qh5 Bg7 13. c3 h6 14. Nc2 0-0 15. 0-0 fxe4 16. Bxe4 f5 17. Qg6 Qe8 18. Qxe8 Raxe8 19. Nf6+ Bxf6 20. Bxc6 Rc8 21. Bb7 Rb8 22. Bxa6 Rb6 23. Nb4 Ra8 24. a4 Rbxa6 25. Nxa6 Rxa6 26. axb5 Rb6 27. Ra6 Rxb5 28. Rxd6 Kf7 29. b4 e4 30. Rc6 Ke7 31. Ra1 Bd7 32. Ra7 Rd5 33. g3 Rd3 34. b5 Rd6 35. Rxd6 Kxd6 36. Ra6+ Ke7 37. b6 Bb5 38. b7 Bxa6 39. b8Q Bd3 40. c4 Ke6 41. c5 Be5 42. Qc8+ Kd5 43. Qxf5 Kd4 44. c6 e3 45. fxe3+ Kxe3 46. Qxe5+ Kd2 47. c7 Ba6 48. Qd6+ 1-0

[Event "Warsaw-ch 68th"]
[Site "Warsaw"]
[Date "2019.11.17"]
[Round "7"]
[White "Sliwerski, Radoslaw"]
[Black "Kaminski, Jan"]
[Result "1-0"]
[WhiteElo "2091"]
[BlackElo "2024"]
[PlyCount "43"]
[EventDate "2019.11.12"]
[EventType "swiss"]
[EventRounds "9"]
[EventCountry "POL"]
[SourceTitle "CBM 193 Extra"]
[Source "ChessBase"]
[SourceDate "2020.01.31"]
[SourceVersion "1"]
[SourceVersionDate "2020.01.31"]
[SourceQuality "1"]

1. d4 Nf6 2. c4 e6 3. Nc3 Bb4 4. g3 c5 5. Nf3 cxd4 6. Nxd4 Nc6 7. Bg2 0-0 8. 0-0 Bxc3 9. bxc3 Na5 10. Qd3 Qc7 11. Ba3 Rd8 12. Be7 Re8 13. Nb5 Qxc4 14. Qxc4 Nxc4 15. Bxf6 gxf6 16. Nc7 Re7 17. Nxa8 d5 18. e4 dxe4 19. Bxe4 Nd2 20. Rfd1 Nxe4 21. Rd8+ Kg7 22. Rxc8 1-0

[Event "Warsaw YMCA Winter 194th"]
[Site "Warsaw"]
[Date "2018.03.08"]
[Round "9"]
[White "Kaminski, Jan"]
[Black "Delega, Tomasz"]
[Result "1/2-1/2"]
[WhiteElo "1838"]
[BlackElo "1940"]
[PlyCount "109"]
[EventDate "2018.01.04"]
[EventType "swiss"]
[EventRounds "10"]
[EventCountry "POL"]
[SourceTitle "EXT 2019"]
[Source "ChessBase"]
[SourceDate "2018.10.10"]
[SourceVersion "1"]
[SourceVersionDate "2018.10.10"]
[SourceQuality "1"]

1. e4 e5 2. Nf3 Nc6 3. Bc4 Bc5 4. b4 Bxb4 5. c3 Bd6 6. d4 Nf6 7. 0-0 0-0 8. Nbd2 h6 9. Bb3 b5 10. Bb2 Re8 11. dxe5 Bxe5 12. Nxe5 Nxe5 13. Qe2 Rb8 14. f4 Nc4 15. Nxc4 bxc4 16. Qxc4 Rxe4 17. Qxf7+ Kh8 18. Rae1 Bb7 19. Rxe4 Bxe4 20. c4 Qe8 21. Qxe8+ Rxe8 22. Re1 Bc6 23. Rxe8+ Nxe8 24. Bd4 a6 25. c5 d6 26. g3 dxc5 27. Bxc5 Nf6 28. Bd4 Ne4 29. Be5 Nd6 30. Kf2 Kh7 31. Ke3 Kg6 32. Kd4 Ne8 33. Bc4 Bb7 34. Kc5 h5 35. Be6 Be4 36. Bc4 Bb7 37. a4 h4 38. a5 hxg3 39. hxg3 Kf5 40. Bxc7 Nxc7 41. Kb6 Nb5 42. Bxb5 axb5 43. Kxb7 b4 44. a6 b3 45. a7 b2 46. a8Q b1Q+ 47. Kc7 Qc2+ 48. Kd8 Qd3+ 49. Ke7 Qxg3 50. Qf8+ Ke4 51. f5 Qe5+ 52. Kf7 Qf6+ 53. Kg8 Kxf5 54. Qxg7 Qxg7+ 55. Kxg7 1/2-1/2

[Event "Warsaw YMCA Winter 194th"]
[Site "Warsaw"]
[Date "2018.03.01"]
[Round "8"]
[White "Kaminski, Jan"]
[Black "Choroszej, Aleksander"]
[Result "1-0"]
[WhiteElo "1838"]
[BlackElo "2073"]
[PlyCount "87"]
[EventDate "2018.01.04"]
[EventType "swiss"]
[EventRounds "10"]
[EventCountry "POL"]
[SourceTitle "EXT 2019"]
[Source "ChessBase"]
[SourceDate "2018.10.10"]
[SourceVersion "1"]
[SourceVersionDate "2018.10.10"]
[SourceQuality "1"]

1. e4 g6 2. d4 Bg7 3. Nc3 d6 4. Be3 a6 5. Qd2 b5 6. 0-0-0 Bb7 7. f3 Nd7 8. h4 h5 9. Nh3 c6 10. Ng5 Qc7 11. g3 Ngf6 12. Kb1 Rb8 13. Bd3 c5 14. dxc5 Nxc5 15. Bd4 e5 16. Be3 0-0 17. Be2 Rbd8 18. Nd5 Bxd5 19. exd5 e4 20. Bxc5 dxc5 21. fxe4 Qe5 22. Qf4 Rfe8 23. Bf3 Qxf4 24. gxf4 Nd7 25. e5 Nf8 26. d6 Ne6 27. Bc6 Rf8 28. Rhf1 Bh6 29. c3 Bxg5 30. fxg5 Ng7 31. Rf6 Kh7 32. Rdf1 Nf5 33. Rf4 Kg7 34. Kc1 Ne3 35. Re4 Ng4 36. Rff4 b4 37. Kd2 Rb8 38. Bd5 bxc3+ 39. Kxc3 Rb4 40. a3 Rxe4 41. Rxe4 Re8 42. d7 Rd8 43. Bc6 Kf8 44. e6 1-0

[Event "Warsaw YMCA Winter 194th"]
[Site "Warsaw"]
[Date "2018.02.15"]
[Round "6"]
[White "Delega, Tomasz"]
[Black "Kaminski, Jan"]
[Result "1-0"]
[WhiteElo "1940"]
[BlackElo "1838"]
[PlyCount "69"]
[EventDate "2018.01.04"]
[EventType "swiss"]
[EventRounds "10"]
[EventCountry "POL"]
[SourceTitle "EXT 2019"]
[Source "ChessBase"]
[SourceDate "2018.10.10"]
[SourceVersion "1"]
[SourceVersionDate "2018.10.10"]
[SourceQuality "1"]

1. d4 Nf6 2. Bg5 c5 3. Bxf6 exf6 4. d5 Qb6 5. Qc1 d6 6. g3 Be7 7. Bg2 0-0 8. e3 f5 9. Ne2 Bf6 10. c3 Nd7 11. 0-0 Qc7 12. a4 Re8 13. Na3 Ne5 14. Nf4 a6 15. Qc2 g6 16. Nd3 Nxd3 17. Qxd3 Bd7 18. b3 Rab8 19. Nc4 b5 20. axb5 axb5 21. Na5 b4 22. Nc6 Rb7 23. Rac1 bxc3 24. Rxc3 Bxc3 25. Qxc3 Bxc6 26. dxc6 Rb4 27. Rd1 Reb8 28. Bd5 Qe7 29. Ra1 R4b6 30. Ra3 Qc7 31. Qa1 Rf8 32. Ra7 Qd8 33. Rd7 Qg5 34. Qa7 f4 35. Rxf7 1-0

[Event "EU-ch blitz"]
[Site "Katowice"]
[Date "2017.12.15"]
[Round "1"]
[White "Kaminski, Jan"]
[Black "Zhigalko, Sergei"]
[Result "0-1"]
[WhiteElo "1839"]
[BlackElo "2641"]
[PlyCount "82"]
[EventDate "2017.12.15"]
[EventType "swiss (blitz)"]
[EventRounds "22"]
[EventCountry "POL"]
[SourceTitle "CBM 182 Extra"]
[Source "ChessBase"]
[SourceDate "2018.02.23"]
[SourceVersion "1"]
[SourceVersionDate "2018.02.23"]
[SourceQuality "1"]

1. e4 c5 2. Nf3 d6 3. d4 cxd4 4. Nxd4 Nf6 5. Nc3 a6 6. Rg1 e5 7. Nb3 Be6 8. g4 Nfd7 9. g5 Nb6 10. Be3 N8d7 11. Qh5 Rc8 12. 0-0-0 Rxc3 13. bxc3 Qc7 14. Kb2 Na4+ 15. Kc1 Nxc3 16. Rd3 d5 17. exd5 Ba3+ 18. Kd2 Nxd5 19. Bh3 0-0 20. Bxe6 fxe6 21. g6 N7f6 22. gxh7+ Kh8 23. Qg6 e4 24. Rd4 b5 25. Bh6 Rf7 26. h4 Bb2 27. Rxd5 exd5 28. Rg2 Nxh7 29. Be3 Qe7 30. h5 Rf6 31. Qg4 d4 32. Bxd4 Bxd4 33. Nxd4 Rf7 34. Qc8+ Rf8 35. Qc3 Qf6 36. Ne2 Qh6+ 37. Qe3 Rd8+ 38. Kc1 Qf6 39. Qb3 Qa1+ 40. Qb1 Rd1+ 41. Kxd1 Qxb1+ 0-1